000 00458nam a22001697a 4500
005 20160630113655.0
008 160630b xxu||||| |||| 00| 0 eng d
020 _a978-81-89401-26-9
041 _aeng
082 _b19575
100 _aModi, Dr P N & Seth Dr S M
_93287
245 _aHydraulics & fluid mechanics including Hydraulics machines
260 _bStandard Book House
_c2015
300 _a1393
650 _aDiploma Engineering
_9817
942 _cBK
999 _c4893
_d4891